01109cam a2200253M 4500001002200000003000700022005001700029007000700046008004100053040002100094035002100115100003800136245008700174246001600261260007600277300002100353500003400374029002200408856009500430942000700525506015000532506015400682999001900836religionoftruth00omarCaSfIA20210118214719.0cr||||080312s1992 su 000 0 eng d aAU@cAU@dCaSfIA a(OCoLC)2717669341 aOmar, Abdul Rahman Ben Hammad al-14aThe religion of truth /h[electronic resource] cAbdul Rahman Ben Hammad al- Omar.3 aDin al-haqq aRiyadh :bPresidency of Islamic Researches Ifta and Propagation,c1992. a115 p. ;c17 cm. aArabische titel: Din al-haqq.0 aAU@b00004281208941uhttp://www.archive.org/details/religionoftruth00omarzFree eBook from the Internet Archive cEB fНеобхідна авторизація на https://archive.org/ (створення облікового запису безкоштовно) fНеобхідна авторизація на https://openlibrary.org/ (створення облікового запису безкоштовно) c542899d542899